000 00696nas a2200229 4500
001 BR7001056
003 BR-BrBNA
005 20231205082320.0
007 ta
008 230509b bl.|||p| |||| 00| 00por d
040 _aBR-BrBNA
_bpor
_cBiblioteca Nacional de Agricultura
041 _a(Pt)
072 _aQ04
100 1 _aArzolla, J.D.P.
100 1 _aFonseca, H.
245 1 _aAminoacidos livres do feijao 60 dias (Phaseolus vulgaris L.)
650 _aAMINOACIDO
650 _aFEIJAO
773 0 _tAnais da Escola Superior de Agricultura Luiz de Queiroz (Brazil)
_xISSN 0071-1276
_g(1970), v. 27 p. 191-197
_wBR7001056
909 _a202311
_bLúcia
_c55
_dLúcia Elande
942 _2AGRIS
_n0
_cANA
999 _c90820
_d90820